[Event "ODJM C 2024"]
[Site "Willingen GER"]
[Date "2024.05.19"]
[Round "2"]
[White "Glaser-Gallion, Ludwig"]
[Black "Gehring, Enja"]
[Result "1/2-1/2"]
[Termination "normal"]
[Board "10"]
[WhiteElo "1236"]
[BlackElo "1440"]
[WhiteClock "01:11:37"]
[BlackClock "00:45:14"]
[PlyCount "60"]
[WhiteFideId "533001880"]
[BlackFideId "34659803"]
[EventCountry "GER"]
[EventRounds "9"]
[EventType "swiss"]
[EventDate "2024.05.18"]

1. d4 {[%clk 01:30:57]} {[%emt 00:00:03]} d5 {[%clk 01:30:53]} {[%emt
00:00:07]} 2. Bf4 {[%clk 01:31:22]} {[%emt 00:00:05]} Bf5 {[%clk 01:30:55]}
{[%emt 00:00:28]} 3. e3 {[%clk 01:31:45]} {[%emt 00:00:07]} e6 {[%clk
01:30:50]} {[%emt 00:00:36]} 4. Nf3 {[%clk 01:31:55]} {[%emt 00:00:18]} Nf6
{[%clk 01:31:01]} {[%emt 00:00:20]} 5. Bd3 {[%clk 01:32:04]} {[%emt 00:00:21]}
Bxd3 {[%clk 01:30:53]} {[%emt 00:00:37]} 6. Qxd3 {[%clk 01:32:23]} {[%emt
00:00:11]} Be7 {[%clk 01:31:04]} {[%emt 00:00:20]} 7. Nbd2 {[%clk 01:32:36]}
{[%emt 00:00:16]} Nbd7 {[%clk 01:29:54]} {[%emt 00:01:41]} 8. O-O {[%clk
01:32:51]} {[%emt 00:00:15]} c5 {[%clk 01:29:39]} {[%emt 00:00:45]} 9. c3
{[%clk 01:32:54]} {[%emt 00:00:28]} O-O {[%clk 01:29:56]} {[%emt 00:00:12]} 10.
Ne5 {[%clk 01:32:54]} {[%emt 00:00:29]} Nxe5 {[%clk 01:22:36]} {[%emt
00:07:51]} 11. Bxe5 {[%clk 01:33:06]} {[%emt 00:00:18]} Bd6 {[%clk 01:16:38]}
{[%emt 00:06:28]} 12. Nf3 {[%clk 01:33:07]} {[%emt 00:00:29]} Bxe5 {[%clk
01:15:44]} {[%emt 00:01:24]} 13. Nxe5 {[%clk 01:32:54]} {[%emt 00:00:42]} c4
{[%clk 01:11:28]} {[%emt 00:04:48]} 14. Qc2 {[%clk 01:32:05]} {[%emt 00:01:18]}
Qc7 {[%clk 01:05:47]} {[%emt 00:06:11]} 15. h3 {[%clk 01:27:17]} {[%emt
00:05:18]} Ne4 {[%clk 01:04:16]} {[%emt 00:02:00]} 16. Rfe1 {[%clk 01:25:45]}
{[%emt 00:02:02]} f6 {[%clk 01:02:59]} {[%emt 00:01:48]} 17. Nf3 {[%clk
01:25:10]} {[%emt 00:01:04]} Rfe8 {[%clk 01:02:16]} {[%emt 00:01:14]} 18. Rad1
{[%clk 01:24:27]} {[%emt 00:01:12]} Rad8 {[%clk 00:58:26]} {[%emt 00:04:20]}
19. Qa4 {[%clk 01:19:21]} {[%emt 00:05:37]} a6 {[%clk 00:57:41]} {[%emt
00:01:15]} 20. Qc2 {[%clk 01:18:30]} {[%emt 00:01:20]} b5 {[%clk 00:57:24]}
{[%emt 00:00:48]} 21. Nd2 {[%clk 01:18:06]} {[%emt 00:00:54]} Nd6 {[%clk
00:54:34]} {[%emt 00:03:17]} 22. e4 {[%clk 01:18:15]} {[%emt 00:00:24]} Nf7
{[%clk 00:49:38]} {[%emt 00:05:26]} 23. Nf3 {[%clk 01:14:04]} {[%emt 00:04:40]}
e5 {[%clk 00:48:59]} {[%emt 00:01:10]} 24. dxe5 {[%clk 01:12:04]} {[%emt
00:02:30]} Nxe5 {[%clk 00:45:50]} {[%emt 00:03:39]} 25. Nxe5 {[%clk 01:12:05]}
{[%emt 00:00:29]} Rxe5 {[%clk 00:45:46]} {[%emt 00:00:34]} 26. exd5 {[%clk
01:11:27]} {[%emt 00:01:07]} Rexd5 {[%clk 00:45:16]} {[%emt 00:01:00]} 27. Rxd5
{[%clk 01:11:44]} {[%emt 00:00:13]} Rxd5 {[%clk 00:45:42]} {[%emt 00:00:04]}
28. Qe2 {[%clk 01:11:45]} {[%emt 00:00:29]} Re5 {[%clk 00:45:08]} {[%emt
00:01:04]} 29. Qd2 {[%clk 01:11:14]} {[%emt 00:01:01]} Rxe1+ {[%clk 00:45:03]}
{[%emt 00:00:36]} 30. Qxe1 {[%clk 01:11:37]} {[%emt 00:00:06]} Kf7 {[%clk
00:45:14]} {[%emt 00:00:20]} 1/2-1/2

[Event "ODJM C 2024"]
[Site "Willingen GER"]
[Date "2024.05.19"]
[Round "2"]
[White "Fischer, John"]
[Black "Classen, Miguel"]
[Result "0-1"]
[Termination "normal"]
[Board "11"]
[WhiteElo "1614"]
[BlackElo "1519"]
[WhiteClock "00:51:58"]
[BlackClock "01:02:35"]
[PlyCount "160"]
[WhiteFideId "16268679"]
[BlackFideId "34623825"]
[EventCountry "GER"]
[EventRounds "9"]
[EventType "swiss"]
[EventDate "2024.05.18"]

1. d4 {[%clk 01:30:54]} {[%emt 00:00:05]} d5 {[%clk 01:30:55]} {[%emt
00:00:06]} 2. Nc3 {[%clk 01:31:11]} {[%emt 00:00:12]} Nf6 {[%clk 01:31:06]}
{[%emt 00:00:18]} 3. Bf4 {[%clk 01:31:25]} {[%emt 00:00:16]} c6 {[%clk
01:30:46]} {[%emt 00:00:51]} 4. e3 {[%clk 01:31:36]} {[%emt 00:00:19]} e6
{[%clk 01:31:02]} {[%emt 00:00:14]} 5. Nf3 {[%clk 01:30:58]} {[%emt 00:01:07]}
Bd6 {[%clk 01:31:06]} {[%emt 00:00:27]} 6. Ne5 {[%clk 01:30:47]} {[%emt
00:00:41]} Qc7 {[%clk 01:31:01]} {[%emt 00:00:35]} 7. Be2 {[%clk 01:30:51]}
{[%emt 00:00:26]} Nbd7 {[%clk 01:31:16]} {[%emt 00:00:16]} 8. Nxd7 {[%clk
01:30:07]} {[%emt 00:01:13]} Bxd7 {[%clk 01:31:16]} {[%emt 00:00:29]} 9. Bxd6
{[%clk 01:30:25]} {[%emt 00:00:13]} Qxd6 {[%clk 01:31:34]} {[%emt 00:00:12]}
10. Qd3 {[%clk 01:30:39]} {[%emt 00:00:15]} Qb4 {[%clk 01:29:26]} {[%emt
00:02:40]} 11. O-O {[%clk 01:28:55]} {[%emt 00:02:14]} O-O {[%clk 01:29:23]}
{[%emt 00:00:32]} 12. b3 {[%clk 01:28:31]} {[%emt 00:00:54]} Rac8 {[%clk
01:27:27]} {[%emt 00:02:26]} 13. Na4 {[%clk 01:27:56]} {[%emt 00:01:04]} b6
{[%clk 01:23:34]} {[%emt 00:04:24]} 14. c3 {[%clk 01:24:23]} {[%emt 00:04:03]}
Qa5 {[%clk 01:23:14]} {[%emt 00:00:50]} 15. Qc2 {[%clk 01:23:18]} {[%emt
00:01:35]} c5 {[%clk 01:23:05]} {[%emt 00:00:39]} 16. a3 {[%clk 01:23:38]}
{[%emt 00:00:11]} Bxa4 {[%clk 01:23:00]} {[%emt 00:00:34]} 17. bxa4 {[%clk
01:23:46]} {[%emt 00:00:22]} cxd4 {[%clk 01:23:05]} {[%emt 00:00:24]} 18. exd4
{[%clk 01:22:25]} {[%emt 00:01:51]} Qxc3 {[%clk 01:22:46]} {[%emt 00:00:50]}
19. Qxc3 {[%clk 01:21:40]} {[%emt 00:01:15]} Rxc3 {[%emt 00:03:17]} 20. Rfb1
{[%clk 01:19:03]} Rfc8 {[%clk 01:23:19]} {[%emt 00:00:17]} 21. a5 {[%clk
01:17:26]} {[%emt 00:02:07]} Nd7 {[%clk 01:22:36]} {[%emt 00:01:13]} 22. Bb5
{[%clk 01:16:09]} {[%emt 00:01:47]} R8c7 {[%clk 01:20:29]} {[%emt 00:02:37]}
23. Bxd7 {[%clk 01:16:19]} {[%emt 00:00:20]} Rxd7 {[%clk 01:20:48]} {[%emt
00:00:10]} 24. axb6 {[%clk 01:16:43]} {[%emt 00:00:07]} axb6 {[%clk 01:20:55]}
{[%emt 00:00:22]} 25. Rxb6 {[%clk 01:16:31]} {[%emt 00:00:43]} g6 {[%clk
01:21:10]} {[%emt 00:00:16]} 26. g3 {[%clk 01:16:51]} {[%emt 00:00:09]} Rdc7
{[%clk 01:21:33]} {[%emt 00:00:06]} 27. Kg2 {[%clk 01:15:13]} {[%emt 00:02:08]}
Rc1 {[%clk 01:21:29]} {[%emt 00:00:34]} 28. Rbb1 {[%clk 01:11:34]} {[%emt
00:04:10]} R1c6 {[%clk 01:21:11]} {[%emt 00:00:48]} 29. a4 {[%clk 01:10:51]}
{[%emt 00:01:13]} Ra6 {[%clk 01:21:29]} {[%emt 00:00:12]} 30. a5 {[%clk
01:10:52]} {[%emt 00:00:30]} Rca7 {[%clk 01:21:41]} {[%emt 00:00:17]} 31. Rb5
{[%clk 01:10:44]} {[%emt 00:00:38]} Kf8 {[%clk 01:21:21]} {[%emt 00:00:49]} 32.
Kf3 {[%clk 01:11:06]} {[%emt 00:00:08]} Ke7 {[%clk 01:21:45]} {[%emt 00:00:06]}
33. Kf4 {[%clk 01:11:28]} {[%emt 00:00:07]} f6 {[%clk 01:21:52]} {[%emt
00:00:24]} 34. h4 {[%clk 01:11:26]} {[%emt 00:00:33]} Kd6 {[%clk 01:21:21]}
{[%emt 00:01:01]} 35. g4 {[%clk 01:11:44]} {[%emt 00:00:13]} e5+ {[%clk
01:21:37]} {[%emt 00:00:13]} 36. Ke3 {[%clk 01:11:37]} {[%emt 00:00:37]} Ke6
{[%clk 01:17:41]} {[%emt 00:04:26]} 37. f4 {[%clk 01:10:33]} {[%emt 00:01:34]}
Kd6 {[%clk 01:14:26]} {[%emt 00:03:45]} 38. Ra2 {[%clk 01:08:49]} {[%emt
00:02:14]} exf4+ {[%clk 01:14:29]} {[%emt 00:00:27]} 39. Kxf4 {[%clk 01:08:43]}
{[%emt 00:00:35]} Re7 {[%clk 01:14:41]} {[%emt 00:00:18]} 40. Ra4 {[%clk
01:06:58]} {[%emt 00:02:16]} Kc6 {[%clk 01:12:21]} {[%emt 00:02:49]} 41. Rc5+
{[%clk 01:06:51]} {[%emt 00:00:37]} Kd6 {[%clk 01:12:30]} {[%emt 00:00:21]} 42.
Rc8 {[%clk 01:00:53]} {[%emt 00:06:28]} Re4+ {[%clk 01:11:02]} {[%emt
00:01:58]} 43. Kf3 {[%clk 01:01:08]} {[%emt 00:00:15]} f5 {[%clk 01:10:17]}
{[%emt 00:01:15]} 44. gxf5 {[%clk 01:00:27]} {[%emt 00:01:11]} gxf5 {[%emt
00:01:04]} 45. Rf8 {[%clk 01:00:22]} Ke6 {[%clk 01:07:43]} {[%emt 00:03:05]}
46. Kg3 {[%clk 00:55:04]} {[%emt 00:05:48]} Rg4+ {[%clk 01:02:02]} {[%emt
00:06:10]} 47. Kf3 {[%clk 00:53:42]} {[%emt 00:01:53]} Rxh4 {[%clk 01:01:43]}
{[%emt 00:00:50]} 48. Re8+ {[%clk 00:53:50]} {[%emt 00:00:22]} Kd6 {[%clk
01:01:03]} {[%emt 00:01:09]} 49. Rf8 {[%clk 00:54:03]} {[%emt 00:00:17]} Ke6
{[%clk 00:59:41]} {[%emt 00:01:52]} 50. Re8+ {[%clk 00:49:32]} {[%emt
00:05:02]} Kd6 {[%clk 00:59:24]} {[%emt 00:00:46]} 51. Re5 {[%clk 00:47:49]}
{[%emt 00:02:13]} Rxd4 {[%clk 00:59:23]} {[%emt 00:00:31]} 52. Rxd4 {[%clk
00:47:28]} {[%emt 00:00:52]} Kxe5 {[%clk 00:59:41]} {[%emt 00:00:12]} 53. Ra4
{[%clk 00:47:55]} {[%emt 00:00:03]} d4 {[%clk 01:00:00]} {[%emt 00:00:10]} 54.
Ra1 {[%clk 00:48:08]} {[%emt 00:00:17]} h5 {[%clk 01:00:17]} {[%emt 00:00:13]}
55. Re1+ {[%clk 00:48:22]} {[%emt 00:00:16]} Kf6 {[%clk 01:00:14]} {[%emt
00:00:33]} 56. Ra1 {[%clk 00:48:45]} {[%emt 00:00:08]} h4 {[%clk 01:00:28]}
{[%emt 00:00:15]} 57. Ke2 {[%clk 00:48:47]} {[%emt 00:00:28]} Ke5 {[%clk
01:00:50]} {[%emt 00:00:08]} 58. Kd3 {[%clk 00:49:08]} {[%emt 00:00:09]} Kd5
{[%clk 01:00:41]} {[%emt 00:00:39]} 59. Ra4 {[%clk 00:48:23]} {[%emt 00:01:15]}
Kc5 {[%clk 01:00:33]} {[%emt 00:00:38]} 60. Rc4+ {[%clk 00:47:15]} {[%emt
00:01:39]} Kb5 {[%clk 01:00:46]} {[%emt 00:00:17]} 61. Rxd4 {[%clk 00:47:36]}
{[%emt 00:00:08]} Rxa5 {[%clk 01:00:58]} {[%emt 00:00:19]} 62. Rxh4 {[%clk
00:47:56]} {[%emt 00:00:09]} Kc6 {[%clk 01:00:55]} {[%emt 00:00:33]} 63. Rh5
{[%clk 00:48:14]} {[%emt 00:00:13]} Kd6 {[%clk 01:00:46]} {[%emt 00:00:39]} 64.
Ke3 {[%clk 00:48:34]} {[%emt 00:00:09]} Ke5 {[%clk 01:01:02]} {[%emt 00:00:15]}
65. Rh8 {[%clk 00:48:15]} {[%emt 00:00:49]} Ra3+ {[%clk 01:01:25]} {[%emt
00:00:07]} 66. Ke2 {[%clk 00:48:41]} {[%emt 00:00:03]} Ke4 {[%clk 01:00:08]}
{[%emt 00:01:47]} 67. Re8+ {[%clk 00:48:51]} {[%emt 00:00:20]} Kf4 {[%clk
01:00:19]} {[%emt 00:00:20]} 68. Kf2 {[%clk 00:48:45]} {[%emt 00:00:35]} Ra2+
{[%clk 01:00:31]} {[%emt 00:00:18]} 69. Re2 {[%clk 00:48:43]} {[%emt 00:00:33]}
Rxe2+ {[%clk 00:59:12]} {[%emt 00:01:48]} 70. Kxe2 {[%clk 00:49:08]} {[%emt
00:00:05]} Kg3 {[%clk 00:59:39]} {[%emt 00:00:03]} 71. Kf1 {[%clk 00:49:21]}
{[%emt 00:00:17]} Kf3 {[%clk 00:59:59]} {[%emt 00:00:10]} 72. Kg1 {[%clk
00:49:18]} {[%emt 00:00:33]} Ke2 {[%clk 01:00:20]} {[%emt 00:00:09]} 73. Kg2
{[%clk 00:49:32]} {[%emt 00:00:16]} f4 {[%clk 01:00:42]} {[%emt 00:00:08]} 74.
Kh2 {[%clk 00:49:52]} {[%emt 00:00:10]} f3 {[%clk 01:01:06]} {[%emt 00:00:07]}
75. Kg1 {[%clk 00:50:17]} {[%emt 00:00:05]} f2+ {[%clk 01:01:29]} {[%emt
00:00:06]} 76. Kg2 {[%clk 00:50:30]} {[%emt 00:00:17]} f1=Q {[%emt 00:00:13]}
77. Kh2 {[%clk 00:50:53]} {[%emt 00:00:06]} Qf4 {[%clk 01:01:56]} {[%emt
00:00:21]} 78. Kh1 {[%clk 00:51:10]} {[%emt 00:00:13]} Qg4 {[%clk 01:02:12]}
{[%emt 00:00:15]} 79. Kh2 {[%clk 00:51:33]} {[%emt 00:00:07]} Kf2 {[%clk
01:02:35]} {[%emt 00:00:06]} 80. Kh1 {[%clk 00:51:58]} {[%emt 00:00:05]} Qg2+
{[%emt 00:00:21]} 0-1

[Event "ODJM C 2024"]
[Site "Willingen GER"]
[Date "2024.05.19"]
[Round "2"]
[White "Muhl, Jakob"]
[Black "Prokscha, Marlene"]
[Result "1/2-1/2"]
[Termination "normal"]
[Board "12"]
[WhiteElo "1043"]
[BlackElo "1230"]
[WhiteClock "00:54:44"]
[BlackClock "00:51:15"]
[PlyCount "140"]
[WhiteFideId "34635181"]
[BlackFideId "34631291"]
[EventCountry "GER"]
[EventRounds "9"]
[EventType "swiss"]
[EventDate "2024.05.18"]

1. e4 {[%clk 01:30:58]} {[%emt 00:00:01]} e6 {[%clk 01:30:52]} {[%emt
00:00:09]} 2. d4 {[%clk 01:31:16]} {[%emt 00:00:12]} d5 {[%clk 01:31:07]}
{[%emt 00:00:15]} 3. e5 {[%clk 01:31:23]} {[%emt 00:00:23]} c5 {[%clk
01:31:17]} {[%emt 00:00:20]} 4. Nf3 {[%clk 01:31:26]} {[%emt 00:00:26]} Nc6
{[%clk 01:31:12]} {[%emt 00:00:36]} 5. Bb5 {[%clk 01:31:24]} {[%emt 00:00:32]}
Qb6 {[%clk 01:30:13]} {[%emt 00:01:29]} 6. Bxc6+ {[%clk 01:29:37]} {[%emt
00:02:17]} bxc6 {[%clk 01:29:08]} {[%emt 00:01:35]} 7. O-O {[%clk 01:27:36]}
{[%emt 00:02:30]} cxd4 {[%clk 01:25:30]} {[%emt 00:04:09]} 8. Nxd4 {[%clk
01:27:31]} {[%emt 00:00:34]} Bc5 {[%clk 01:25:14]} {[%emt 00:00:47]} 9. Nf3
{[%clk 01:27:17]} {[%emt 00:00:44]} Ba6 {[%clk 01:24:43]} {[%emt 00:01:01]} 10.
Re1 {[%clk 01:27:34]} {[%emt 00:00:13]} Bxf2+ {[%clk 01:24:36]} {[%emt
00:00:37]} 11. Kh1 {[%clk 01:27:43]} {[%emt 00:00:20]} Bxe1 {[%clk 01:24:12]}
{[%emt 00:00:55]} 12. Qxe1 {[%clk 01:27:49]} {[%emt 00:00:24]} Qb5 {[%clk
01:22:19]} {[%emt 00:02:23]} 13. Kg1 {[%clk 01:27:30]} {[%emt 00:00:49]} Qe2
{[%clk 01:21:46]} {[%emt 00:01:04]} 14. Qxe2 {[%clk 01:27:30]} {[%emt
00:00:29]} Bxe2 {[%clk 01:22:10]} {[%emt 00:00:06]} 15. Nc3 {[%clk 01:27:49]}
{[%emt 00:00:11]} Bxf3 {[%clk 01:22:20]} {[%emt 00:00:19]} 16. gxf3 {[%clk
01:28:07]} {[%emt 00:00:13]} Rb8 {[%clk 01:22:39]} {[%emt 00:00:11]} 17. b3
{[%clk 01:27:21]} {[%emt 00:01:16]} f6 {[%clk 01:21:59]} {[%emt 00:01:10]} 18.
exf6 {[%clk 01:27:16]} {[%emt 00:00:34]} Nxf6 {[%clk 01:22:21]} {[%emt
00:00:09]} 19. Ba3 {[%clk 01:27:29]} {[%emt 00:00:17]} Kf7 {[%clk 01:21:23]}
{[%emt 00:01:28]} 20. f4 {[%clk 01:26:10]} {[%emt 00:01:49]} Rhe8 {[%clk
01:20:02]} {[%emt 00:01:51]} 21. Re1 {[%clk 01:21:52]} {[%emt 00:04:48]} Nd7
{[%clk 01:17:55]} {[%emt 00:02:37]} 22. Re2 {[%clk 01:18:59]} {[%emt 00:03:23]}
d4 {[%clk 01:13:23]} {[%emt 00:05:02]} 23. Ne4 {[%clk 01:18:56]} {[%emt
00:00:33]} Kg6 {[%clk 01:12:23]} {[%emt 00:01:28]} 24. Rg2+ {[%clk 01:17:06]}
{[%emt 00:02:21]} Kh6 {[%clk 01:08:57]} {[%emt 00:03:57]} 25. Bb2 {[%clk
01:16:05]} {[%emt 00:01:32]} e5 {[%clk 01:06:07]} {[%emt 00:03:20]} 26. fxe5
{[%clk 01:14:23]} {[%emt 00:02:12]} Nxe5 {[%clk 01:06:08]} {[%emt 00:00:28]}
27. Bxd4 {[%clk 01:14:03]} {[%emt 00:00:49]} Nf3+ {[%clk 01:06:09]} {[%emt
00:00:26]} 28. Kf2 {[%clk 01:13:41]} {[%emt 00:00:55]} Nxd4 {[%clk 01:06:19]}
{[%emt 00:00:21]} 29. Nd6 {[%clk 01:13:13]} {[%emt 00:00:57]} Re2+ {[%clk
01:06:00]} {[%emt 00:00:49]} 30. Kg1 {[%clk 01:12:56]} {[%emt 00:00:48]} Rxg2+
{[%clk 01:05:27]} {[%emt 00:01:04]} 31. Kxg2 {[%clk 01:13:20]} {[%emt
00:00:05]} Nxc2 {[%clk 01:05:24]} {[%emt 00:00:33]} 32. Nf7+ {[%clk 01:13:42]}
{[%emt 00:00:07]} Kg6 {[%clk 01:04:54]} {[%emt 00:01:00]} 33. Ne5+ {[%clk
01:13:59]} {[%emt 00:00:14]} Kf5 {[%clk 01:04:54]} {[%emt 00:00:30]} 34. Nxc6
{[%clk 01:14:22]} {[%emt 00:00:08]} Rb7 {[%clk 01:03:51]} {[%emt 00:01:32]} 35.
Kf3 {[%clk 01:14:10]} {[%emt 00:00:39]} Rc7 {[%clk 01:03:46]} {[%emt 00:00:38]}
36. Na5 {[%clk 01:13:00]} {[%emt 00:01:40]} Rc3+ {[%clk 01:02:08]} {[%emt
00:02:08]} 37. Ke2 {[%clk 01:12:50]} {[%emt 00:00:39]} Nd4+ {[%clk 01:01:53]}
{[%emt 00:00:46]} 38. Kd2 {[%clk 01:13:09]} {[%emt 00:00:11]} Ke4 {[%clk
01:01:26]} {[%emt 00:00:55]} 39. Kxc3 {[%clk 01:12:58]} {[%emt 00:00:42]} g5
{[%clk 01:00:27]} {[%emt 00:01:30]} 40. Nc4 {[%clk 01:09:04]} {[%emt 00:04:24]}
g4 {[%clk 00:59:38]} {[%emt 00:01:17]} 41. Nd2+ {[%clk 01:05:06]} {[%emt
00:04:30]} Ke3 {[%clk 00:58:36]} {[%emt 00:01:32]} 42. Nf1 {[%clk 01:04:47]}
{[%emt 00:00:47]} Ke4 {[%clk 00:57:19]} {[%emt 00:01:48]} 43. Ng3+ {[%clk
01:03:25]} {[%emt 00:01:53]} Ke5 {[%clk 00:55:36]} {[%emt 00:02:11]} 44. Kd3
{[%clk 01:01:23]} {[%emt 00:02:33]} Nf3 {[%clk 00:55:17]} {[%emt 00:00:48]} 45.
Nf1 {[%clk 00:59:28]} {[%emt 00:02:27]} Kf4 {[%clk 00:53:00]} {[%emt 00:02:47]}
46. Ke2 {[%clk 00:56:31]} {[%emt 00:03:26]} h5 {[%clk 00:51:47]} {[%emt
00:01:44]} 47. Kf2 {[%clk 00:55:03]} {[%emt 00:01:58]} h4 {[%clk 00:51:10]}
{[%emt 00:01:06]} 48. a4 {[%clk 00:53:52]} {[%emt 00:01:43]} Nxh2 {[%clk
00:50:14]} {[%emt 00:01:25]} 49. Nxh2 {[%clk 00:53:33]} {[%emt 00:00:48]} g3+
{[%clk 00:50:36]} {[%emt 00:00:09]} 50. Kg2 {[%clk 00:53:23]} {[%emt 00:00:40]}
gxh2 {[%clk 00:50:37]} {[%emt 00:00:29]} 51. Kxh2 {[%clk 00:53:47]} {[%emt
00:00:06]} Kg4 {[%clk 00:50:49]} {[%emt 00:00:17]} 52. b4 {[%clk 00:52:32]}
{[%emt 00:01:46]} Kf4 {[%clk 00:50:48]} {[%emt 00:00:30]} 53. a5 {[%clk
00:52:46]} {[%emt 00:00:17]} Ke5 {[%clk 00:50:57]} {[%emt 00:00:21]} 54. b5
{[%clk 00:53:03]} {[%emt 00:00:13]} Kd6 {[%clk 00:50:58]} {[%emt 00:00:29]} 55.
b6 {[%clk 00:53:21]} {[%emt 00:00:11]} a6 {[%clk 00:50:57]} {[%emt 00:00:32]}
56. b7 {[%clk 00:53:16]} {[%emt 00:00:35]} Kc7 {[%clk 00:50:40]} {[%emt
00:00:47]} 57. b8=Q+ {[%emt 00:00:08]} Kxb8 {[%emt 00:00:13]} 58. Kh3 {[%clk
00:52:56]} {[%emt 00:00:28]} Kc7 {[%clk 00:50:47]} {[%emt 00:00:24]} 59. Kxh4
{[%clk 00:53:13]} {[%emt 00:00:12]} Kc6 {[%clk 00:50:59]} {[%emt 00:00:20]} 60.
Kg3 {[%clk 00:53:32]} {[%emt 00:00:10]} Kb5 {[%clk 00:51:04]} {[%emt 00:00:25]}
61. Kf3 {[%clk 00:52:14]} {[%emt 00:02:02]} Kxa5 {[%clk 00:51:09]} {[%emt
00:00:27]} 62. Ke2 {[%clk 00:52:26]} {[%emt 00:00:18]} Kb4 {[%clk 00:51:14]}
{[%emt 00:00:25]} 63. Kd2 {[%clk 00:52:29]} {[%emt 00:00:25]} Kb3 {[%clk
00:51:06]} {[%emt 00:00:39]} 64. Kc1 {[%clk 00:52:51]} {[%emt 00:00:08]} a5
{[%clk 00:50:00]} {[%emt 00:01:37]} 65. Kb1 {[%clk 00:53:08]} {[%emt 00:00:13]}
a4 {[%clk 00:50:15]} {[%emt 00:00:15]} 66. Ka1 {[%clk 00:53:27]} {[%emt
00:00:10]} a3 {[%clk 00:50:27]} {[%emt 00:00:19]} 67. Kb1 {[%clk 00:53:48]}
{[%emt 00:00:08]} Ka4 {[%clk 00:50:49]} {[%emt 00:00:08]} 68. Ka1 {[%clk
00:54:00]} {[%emt 00:00:18]} Kb3 {[%clk 00:50:55]} {[%emt 00:00:24]} 69. Kb1
{[%clk 00:54:21]} {[%emt 00:00:08]} a2+ {[%clk 00:51:09]} {[%emt 00:00:18]} 70.
Ka1 {[%clk 00:54:44]} {[%emt 00:00:06]} Ka3 {[%clk 00:51:15]} {[%emt 00:00:25]}
1/2-1/2